| 000 | 00793nam a2200217Ia 4500 | ||
|---|---|---|---|
| 003 | GCL | ||
| 008 | 140319s9999 xx 000 0 ara d | ||
| 040 |
_aGCL / _cGCL |
||
| 082 | 0 | 4 |
_a020.3 _bم م |
| 100 | 1 | _aمفتاح محمد دياب | |
| 245 | 1 | 0 |
_aمعجم المصطلحات العلمية فى علم المكتبات والتوثيق والمعلومات ( انجليزى - عربى ): معجم مشروح / _cمفتاح محمد دياب |
| 300 | _a326 ص | ||
| 490 |
_aالهيئة العامة للاستعلامات _v0 |
||
| 650 | 0 | 4 | _aاللغة العربية |
| 650 | 0 | 4 | _aالمعاجم |
| 650 | 0 | 4 | _aاللغة الانجليزية |
| 650 | 0 | 4 | _aالتوثيق |
| 650 | 0 | 4 | _aالمعلومات، علم |
| 650 | 0 | 4 | _aالمكتبات - معاجم |
| 942 |
_2ddc _cBK |
||
| 999 |
_c49475 _d49475 |
||